Reprodukčný proces v období krízy

Greg Smith, predstaviteľ jednej z najväčších amerických bánk Goldman Sachs, o príčinách vzniku krízy a jej riešení. Reprodukčný proces, rast a dlhová kríza. Konzumerizmus. Etika, ekonomika, príroda a reprodukčný proces. Prejavy krízy a reprodukčný proces. Spotreba a prejavy finančnej, dlhovej a meno...

Description complète

Enregistré dans:
Détails bibliographiques
Auteur principal: Knapik, Peter
Format: Chapitre de livre
Langue:slovaque
Sujets:
Tags: Ajouter un tag
Pas de tags, Soyez le premier à ajouter un tag!

MARC

LEADER 00000nla a2200000 4500
001 0175142
005 20240502073003.4
041 0 |a slo 
044 |a SK 
245 1 0 |a Reprodukčný proces v období krízy  |c Peter Knapik 
520 |a Greg Smith, predstaviteľ jednej z najväčších amerických bánk Goldman Sachs, o príčinách vzniku krízy a jej riešení. Reprodukčný proces, rast a dlhová kríza. Konzumerizmus. Etika, ekonomika, príroda a reprodukčný proces. Prejavy krízy a reprodukčný proces. Spotreba a prejavy finančnej, dlhovej a menovej krízy. 
610 2 0 |a proces reprodukčný 
610 2 0 |a etika 
610 2 0 |a príroda 
610 2 0 |a kríza 
610 2 0 |a spotreba 
100 1 |a Knapik, Peter